Statistics for Books with Food in the Title Quiz

Click here to take the quiz!

General Stats

  • This quiz has been taken 37,046 times
    (25,557 since last reset)
  • The average score is 11 of 20

Answer Stats

AuthorBook% Correct
Mark TwainAdventures of {Huckleberry} Finn
94%
John SteinbeckThe {Grapes} of Wrath
93%
Truman Capote{Breakfast} at Tiffany's
90%
Roald DahlJames and the Giant {Peach}
90%
Dr. SeussGreen Eggs and {Ham}
89%
J. D. SalingerThe Catcher in the {Rye}
89%
Anthony BurgessA Clockwork {Orange}
85%
Fannie FlaggFried Green {Tomatoes} at the
Whistle Stop Cafe
69%
Eric SchlosserFast {Food} Nation
63%
Sara Gruen{Water} for Elephants
63%
John IrvingThe {Cider} House Rules
51%
Lorraine HansberryA {Raisin} in the Sun
38%
Ernest HemingwayA Moveable {Feast}
34%
Laura EsquivelLike Water for {Chocolate}
33%
Douglas AdamsSo Long, and Thanks For All the {Fish}
33%
William S. BurroughsNaked {Lunch}
32%
John Updike{Rabbit}, Run
25%
Judy BlumeSuper{fudge}
22%
Tom WolfeThe Electric {Kool}-{Aid} Acid Test
20%
Chelsea HandlerAre You There, {Vodka}?
It's Me, Chelsea
19%

Score Distribution

Percentile by Number Answered

Percent of People with Each Score

Your Score History

You have not taken this quiz since the last reset